000 00575nam a2200241Ia 4500
003 IT-RoPAU
005 20220918175746.0
008 120407s9999 xx 000 0 und d
040 _aIT-RoPAU
040 _cIT-RoPAU
041 _aita
100 _aAntonio Rosmini
_935712
245 _aAnnotazioni ai “principi di filosofia.” Di Tommaso Valperga-Calusso
250 _aRoma
260 _aCittà Nuova
260 _c1980
300 _a206 p.
300 _c24 cm
490 _aOpere di Antonio Rosmini
490 _v59
942 _cBK
_2ddc
999 _c28583
_d28583